00321nam a2200133Ia 4500008004100000020001500041041001200056082001600068100001700084245002600101260003700127300000800164650001500172221030s9999 xx 000 0 und d a0060404469 aEnglish a105.23bBai aL. P. Bailey 0aContemporary Auditing bHarper & Row PubaNew Yorkc1979 a657 aManagement